| 000 | 00517pab a2200193 454500 | ||
|---|---|---|---|
| 008 | 180718b2004 xxu||||| |||| 00| 0 eng d | ||
| 100 | _aClark, Rebecca | ||
| 245 | _aThe prominence of health in donor policy for water supply and sanitation: a review | ||
| 260 | _c2004 | ||
| 300 | _ap.157-69. | ||
| 362 | _aSep | ||
| 650 | _aHygiene | ||
| 650 | _aSanitation | ||
| 650 | _aHealth services | ||
| 650 | _aWater supply | ||
| 700 | _aGundry, Stephen W. | ||
| 773 | _aJournal of Water and Health | ||
| 909 | _a64124 | ||
| 999 |
_c64124 _d64124 |
||